Who Scored That Goal? World Cup Edition - Statistics

General Stats
  • This quiz has been taken 82 times
  • The average score is 15 of 20
Answer Stats
Answer % Correct
Diego Maradona
100%
Robin van Persie
96%
Zinedine Zidane
95%
James Rodriguez
92%
Kylian Mbappe
92%
Toni Kroos
91%
Ronaldo
89%
Pele
88%
Son Heung-min
88%
Benjamin Pavard
87%
Ronaldinho
80%
Richarlison
79%
Gheorghe Hagi
76%
Diego Forlan
75%
Gonzalo Montiel
69%
Roberto Baggio
65%
Dennis Bergkamp
63%
Giovanni van Bronckhorst
51%
Carlos Alberto
40%
Saeed Al-Owairan
32%
No matching quizzes found
Score Distribution
Percent of People with Each Score
Percentile by Number Answered
Your Score History
You have not taken this quiz